<?xml version="1.0" encoding="UTF-8"?><?xml-stylesheet type="text/xsl" href="static/style.xsl"?><OAI-PMH xmlns="http://www.openarchives.org/OAI/2.0/" xmlns:xsi="http://www.w3.org/2001/XMLSchema-instance" xsi:schemaLocation="http://www.openarchives.org/OAI/2.0/ http://www.openarchives.org/OAI/2.0/OAI-PMH.xsd"><responseDate>2026-06-07T07:06:24Z</responseDate><request verb="GetRecord" identifier="oai:recam.amb.cat:20.500.14439/4908" metadataPrefix="marc">https://recam.amb.cat/rest/oai/request</request><GetRecord><record><header><identifier>oai:recam.amb.cat:20.500.14439/4908</identifier><datestamp>2026-06-01T23:45:23Z</datestamp><setSpec>com_20.500.14439_1</setSpec><setSpec>col_20.500.14439_1041</setSpec></header><metadata><record xmlns="http://www.loc.gov/MARC21/slim" xmlns:dcterms="http://purl.org/dc/terms/" xmlns:xsi="http://www.w3.org/2001/XMLSchema-instance" xmlns:doc="http://www.lyncode.com/xoai" xsi:schemaLocation="http://www.loc.gov/MARC21/slim http://www.loc.gov/standards/marcxml/schema/MARC21slim.xsd">
   <leader>00925njm 22002777a 4500</leader>
   <datafield ind2=" " ind1=" " tag="042">
      <subfield code="a">dc</subfield>
   </datafield>
   <datafield ind2=" " ind1=" " tag="720">
      <subfield code="a">Fundació BCN Formació Professional</subfield>
      <subfield code="e">author</subfield>
   </datafield>
   <datafield ind2=" " ind1=" " tag="260">
      <subfield code="c">2025-01-01</subfield>
   </datafield>
   <datafield ind2=" " ind1=" " tag="520">
      <subfield code="a">L’estudi es divideix en diferents blocs que permeten abordar aspectes com el dimensionament econòmic del sector, les necessitats de professionals,	els perfils  més demandats, la qualitat de	l’ocupació i els principals reptes	que	afronta el	
sector en relació al transport de	viatgers i manteniment de vehicles. L’anàlisi es basa en	les dades més actuals	disponibles i	incorpora, alhora,	una	aproximació qualitativa a partir	de la consulta a persones expertes. Tot plegat, aquesta	informació permet identificar les tendències més rellevants	i entendre millor les condicions	necessàries per fer front als reptes i demandes del sector amb l’objectiu d’establir un primer	esborrany de	possibles línies d’actuació.</subfield>
   </datafield>
   <datafield ind1="8" ind2=" " tag="024">
      <subfield code="a">https://hdl.handle.net/20.500.14439/4908</subfield>
   </datafield>
   <datafield tag="653" ind2=" " ind1=" ">
      <subfield code="a">Transport</subfield>
   </datafield>
   <datafield tag="653" ind2=" " ind1=" ">
      <subfield code="a">Carreteres</subfield>
   </datafield>
   <datafield ind2="0" ind1="0" tag="245">
      <subfield code="a">Transport de viatgers per carretera: Barcelona i àrea metropolitana</subfield>
   </datafield>
</record></metadata></record></GetRecord></OAI-PMH>